Statistics for Old NBA Basketball Team Logos

Click here to take the quiz!

General Stats

  • This quiz has been taken 9,680 times
  • The average score is 22 of 27

Answer Stats

Team% Correct
Spurs
99%
Kings
93%
Heat
92%
Raptors
92%
Timberwolves
92%
Bucks
91%
Hornets
90%
Knicks
90%
Trail Blazers
90%
Grizzlies
88%
Jazz
88%
Magic
88%
Wizards
88%
Pacers
85%
Celtics
84%
Hawks
83%
Suns
81%
76ers
79%
Nuggets
78%
Rockets
78%
Nets
76%
Mavericks
71%
Warriors
70%
Pistons
69%
Clippers
65%
Lakers
52%
Cavaliers
39%

Score Distribution

Percentile by Number Answered

Percent of People with Each Score

Your Score History

You have not taken this quiz